| 000 | 00588cam a2200217 a 4500 | ||
|---|---|---|---|
| 001 | 2316323 | ||
| 005 | 20180314043709.0 | ||
| 008 | 810721s1982 paua b 001 0 eng | ||
| 010 | _a 81051191 | ||
| 020 | _a0721650945 | ||
| 040 |
_aDLC _cDLC _dDLC |
||
| 041 | _aeng | ||
| 080 | _a612 JAC | ||
| 082 | 0 | 0 |
_a612 JAC _219 |
| 100 | 1 | _a6 | |
| 101 | _aANA | ||
| 245 | 1 | 0 |
_aStructure and function in man / _cStanley W. Jacob, Clarice Ashworth Francone, Walter J. Lossow. |
| 504 | _aBibliography: p. 635-640. | ||
| 906 |
_a7 _bcbc _corignew _d1 _eocip _f19 _gy-gencatlg |
||
| 942 |
_2ddc _cBK |
||
| 999 |
_c44943 _d44943 |
||